Statistics for Daily U.S. State Riddle #11

Click here to take the quiz!

General Stats

  • This quiz has been taken 74 times
  • The average score is 34 of 36

Answer Stats

TypeAnswer% Correct
Found LetterE
100%
Alphabet LetterI
100%
Found LetterN
100%
Alphabet LetterO
100%
Alphabet LetterC
99%
Alphabet LetterM
99%
Found LetterW
99%
Alphabet LetterA
97%
Alphabet LetterH
97%
Alphabet LetterK
97%
Found LetterR
97%
Found LetterS
97%
Alphabet LetterT
97%
Alphabet LetterG
96%
Alphabet LetterL
96%
Alphabet LetterU
96%
Found LetterY
96%
Alphabet LetterB
94%
Alphabet LetterD
94%
Alphabet LetterF
94%
Alphabet LetterV
94%
Alphabet LetterX
94%
Correctly Placed Letter
E
93%
Correctly Placed LetterE
93%
Correctly Placed LetterN
93%
Alphabet LetterP
93%
Correctly Placed LetterW
93%
Alphabet LetterZ
93%
Correctly Placed LetterE
90%
Found LetterJ
90%
Correctly Placed LetterJ
90%
Mystery U.S. StateNew Jersey
90%
Alphabet LetterQ
90%
Correctly Placed LetterR
90%
Correctly Placed LetterS
90%
Correctly Placed LetterY
90%

Score Distribution

Percentile by Number Answered

Percent of People with Each Score

Your Score History

You have not taken this quiz